01085nam a22002657a 4500003000400000005001700004008004100021040002500062082001600087100002500103245014700128260007400275300002000349490003300369500009700402504002600499590002700525700002800552700003800580830004000618910001400658942001400672952011600686999001700802OSt20220412112135.0110301s2008 xxu 000 0 spa d aDO-SdBNPbspacBNPHU axxxxbS731d1 aSoy, Rosie M.95301810aDominican women across three generacions : educational dreams, goals and hopes /cRosie M. Soy, Stefan Bosworth ; prefacio Ramona Hernández  aNew York, Estados Unidos :bCUNY Dominican studies institute. c2008. a50 p. :c23 cm.1 aDominican research monograph aMujeres dominicanas a lo largo de tres generaciones: sueños, metas y esperanzas educativas aBiografías p: 48-50 aInventariado, 2022/ YL12aBosworth, Stefan98145712aHernández, Ramonaepref.910103 0nDominican research monograph981458 aYLockward 2ddccLBS1 00102ddc53708PDaBNPHUbBNPHUcCTd2020-10-20eCUNYl0oxxxx S731dp2022-1361r2022-04-12w2022-04-12yLBS1 c51528d51528